[Event "ONJK 2017 D"]
[Site "Borne"]
[Date "2017.08.11"]
[Round "11.17"]
[White "Warnaar, Tim"]
[Black "Torensma, Dylan"]
[Result "1-0"]
[WhiteElo "1146"]
[BlackElo "916"]
[PlyCount "37"]
[EventDate "2017.08.??"]

1. e4 e5 2. Nf3 Nc6 3. d4 exd4 4. Nxd4 Bc5 5. Be3 Bxd4 6. Bxd4 f6 7. Nc3 Nge7
8. Qg4 Nxd4 9. Qxg7 Rg8 10. Qxh7 Nxc2+ 11. Kd1 Nxa1 12. Nd5 Rf8 13. Qh5+ Rf7
14. Nxf6+ Kf8 15. Qh8+ Ng8 16. Qxg8+ Ke7 17. Nd5+ Ke6 18. Qxd8 Rxf2 19. Qe7#
1-0

[Event "ONJK 2017 D"]
[Site "Borne"]
[Date "2017.08.12"]
[Round "12.1"]
[White "De Vries, Fabian"]
[Black "Casur, Jan"]
[Result "1-0"]
[WhiteElo "1454"]
[BlackElo "1526"]
[PlyCount "59"]
[EventDate "2017.08.??"]

1. f4 d5 2. Nf3 Nf6 3. d4 g6 4. e3 Bg7 5. Bd3 c6 6. O-O Bf5 7. Bxf5 gxf5 8.
Nbd2 Nbd7 9. c3 e6 10. Ne5 Qe7 11. b4 Ne4 12. Qc2 Bxe5 13. fxe5 Qg5 14. Nb3 h5
15. Nc5 b6 16. Nxe4 dxe4 17. a4 h4 18. h3 Rg8 19. b5 c5 20. Qe2 cxd4 21. cxd4
f6 22. exf6 Nxf6 23. Rf2 Nd5 24. Qc4 Kf7 25. Bd2 Qg3 26. Raf1 Kf6 27. Qc6 {
Diagram #} Rac8 28. Rxf5+ Kg6 29. Qxe6+ Kg7 30. Rf7+ 1-0

[Event "ONJK 2017 D"]
[Site "Borne"]
[Date "2017.08.12"]
[Round "12.2"]
[White "Heskes, Lise"]
[Black "Slagboom, Leandro"]
[Result "1/2-1/2"]
[WhiteElo "1310"]
[BlackElo "1308"]
[PlyCount "47"]
[EventDate "2017.08.??"]

1. e4 b6 2. d4 Bb7 3. Bd3 e6 4. Nf3 c5 5. c3 Nf6 6. Qe2 cxd4 7. cxd4 Be7 8. O-O
O-O 9. Nc3 d5 10. e5 Nfd7 11. Ne1 Nc6 12. Be3 Qc7 13. f4 f5 14. g4 g6 15. Kh1
Kh8 16. g5 Rac8 17. h4 Kg7 18. Rf3 Rh8 19. Rh3 Rcg8 20. Nf3 h6 21. Rg1 h5 22.
Rc1 Qb8 23. Bb5 Rc8 24. a3 1/2-1/2

[Event "ONJK 2017 D"]
[Site "Borne"]
[Date "2017.08.12"]
[Round "12.3"]
[White "Naessens, Wolf"]
[Black "De Rycke, Tyani"]
[Result "1/2-1/2"]
[WhiteElo "1453"]
[BlackElo "1603"]
[PlyCount "61"]
[EventDate "2017.08.??"]

1. e4 c5 2. Nf3 e6 3. d4 cxd4 4. Nxd4 Nf6 5. Nc3 Nc6 6. Be2 Bb4 7. Bg5 Qa5 8.
Nxc6 Bxc3+ 9. bxc3 Qxc3+ 10. Bd2 Qxc6 11. e5 Nd5 12. Bf3 Qc5 13. O-O O-O 14.
Rb1 Rb8 15. Be1 b6 16. Bxd5 Qxd5 17. Qxd5 exd5 18. Bb4 Re8 19. Bd6 Ra8 20. Rfd1
Bb7 21. a4 Bc6 22. Ra1 Rec8 23. Rd2 g6 24. f4 Kg7 25. h4 h5 26. g3 Re8 27. Kf2
f6 28. Re2 Re6 29. Kg1 Rae8 30. Kf2 fxe5 31. fxe5 1/2-1/2

[Event "ONJK 2017 D"]
[Site "Borne"]
[Date "2017.08.12"]
[Round "12.4"]
[White "Honkoop, Stella"]
[Black "D'Haenens, Leon"]
[Result "0-1"]
[WhiteElo "1402"]
[BlackElo "1407"]
[PlyCount "124"]
[EventDate "2017.08.??"]

1. e4 e6 2. Nf3 c5 3. d4 cxd4 4. Nxd4 a6 5. Nc3 Qc7 6. Be2 Nf6 7. a3 d6 8. Nb3
Nbd7 9. O-O Be7 10. Be3 O-O 11. Qd2 b5 12. Bf3 Bb7 13. Bd4 Nb6 14. Na5 Nc4 15.
Nxc4 Qxc4 16. Rfe1 Qc7 17. Rad1 Rfd8 18. Qe3 Nd7 19. Qe2 Ne5 20. b3 Nxf3+ 21.
Qxf3 e5 22. Be3 Qxc3 23. Re2 Qc7 24. Red2 Qc6 25. Re2 Qd7 26. Red2 Qe6 27. Bb6
Rdc8 28. Ba5 Rc6 29. Bc3 Rac8 30. Rd3 Qd7 31. Bxe5 Qe6 32. Bc3 R6c7 33. Qg3 Qg6
34. Qxg6 hxg6 35. Bb4 Bxe4 36. Re3 Bxc2 37. Rde1 Bf8 38. Re8 Rxe8 39. Rxe8 Re7
40. Rd8 Bxb3 41. h3 Re6 42. Ra8 Bc4 43. Rxa6 Kh7 44. Ra8 Be7 45. Ra7 Bf6 46.
Rxf7 Re1+ 47. Bxe1 Bxf7 48. g3 Kh6 49. Bd2+ g5 50. Kg2 Bb2 51. Bb4 d5 52. Kf3
d4 53. Ke2 Bc4+ 54. Kd2 d3 55. Bc5 Kg6 56. Bb4 Kf5 57. Bc5 Ke4 58. Bd6 Kf3 59.
Bc5 g6 60. h4 g4 61. Kd1 Bb3+ 62. Kd2 Bc2 0-1

[Event "ONJK 2017 D"]
[Site "Borne"]
[Date "2017.08.12"]
[Round "12.5"]
[White "De Putter, Sven"]
[Black "Arnold, Lorin"]
[Result "0-1"]
[WhiteElo "1228"]
[BlackElo "1377"]
[PlyCount "96"]
[EventDate "2017.08.??"]

1. e4 c5 2. Nc3 e6 3. Bc4 Ne7 4. Qe2 b6 5. f4 Bb7 6. d3 d5 7. exd5 Nxd5 8. Bxd5
Bxd5 9. Nxd5 Qxd5 10. Nf3 Be7 11. b3 Bf6 12. Ne5 Nd7 13. Bb2 Nxe5 14. Bxe5 Bxe5
15. fxe5 O-O 16. O-O Rad8 17. Rf4 f6 18. exf6 gxf6 19. Qg4+ Kh8 20. Qh4 f5 21.
Raf1 Rd7 22. R1f3 Rg7 23. Qh6 Qe5 24. Rg3 Rfg8 25. Rxg7 Rxg7 26. h3 Qe3+ 27.
Kf1 Qc1+ 28. Kf2 Qd2+ 29. Kf1 Qxg2+ 30. Ke1 Qg3+ 31. Kd2 Qh2+ 32. Kc3 Qg1 33.
Qxe6 Qa1+ 34. Kc4 b5+ 35. Kxc5 Qc3+ 36. Kd6 Qc7+ 37. Kd5 Rd7+ 38. Qxd7 Qxd7+
39. Ke5 Kg7 40. Rxf5 Qe7+ 41. Kf4 Qh4+ 42. Ke5 Kg6 43. Rf4 Qxh3 44. d4 Kg5 45.
Rf7 Qe3+ 46. Kd5 Qe2 47. Kc5 Qxc2+ 48. Kxb5 a6+ 0-1

[Event "ONJK 2017 D"]
[Site "Borne"]
[Date "2017.12.08"]
[Round "12.6"]
[White "Tiggelman, Vincent"]
[Black "Adema, Wessel"]
[Result "1-0"]
[WhiteElo "1091"]
[BlackElo "1138"]
[PlyCount "23"]
[EventDate "2017.08.??"]

1. e4 c5 2. Nc3 d6 3. Bc4 Nf6 4. d3 Nc6 5. f4 g6 6. Nf3 Bg7 7. O-O O-O 8. Qe1
Ne8 {Diagram #} 9. f5 gxf5 10. Qh4 fxe4 (10... Nf6) 11. Ng5 Bd4+ 12. Kh1 1-0

[Event "ONJK 2017 D"]
[Site "Borne"]
[Date "2017.12.08"]
[Round "12.7"]
[White "Debunne, Tibe"]
[Black "Velasco, Kathleen"]
[Result "0-1"]
[WhiteElo "1438"]
[BlackElo "1232"]
[PlyCount "92"]
[EventDate "2017.08.??"]

1. e4 e5 2. Nf3 Nc6 3. Bc4 Bc5 4. c3 Nf6 5. d3 O-O 6. Nbd2 d6 7. Nf1 Be6 8. Bb3
Bb6 9. Ng3 h6 10. O-O Qd7 11. h3 d5 12. Be3 Rad8 13. Bc2 dxe4 14. dxe4 Qxd1 15.
Raxd1 Rd7 16. Bxb6 axb6 17. Ba4 Rxd1 18. Rxd1 Nd7 19. Nf5 f6 20. Bxc6 bxc6 21.
Ne7+ Kh7 22. Nxc6 Nc5 23. Nd2 Na4 24. Rb1 Ra8 25. a3 Nc5 26. Nb4 Rd8 27. Nf1
Nxe4 28. Ne3 Rd2 29. f3 Nc5 30. c4 Na4 31. Nbd5 Bxd5 32. Nxd5 c6 33. Ne7 Nxb2
34. Nxc6 Nxc4 35. Kh2 Rb2 36. Rxb2 Nxb2 37. Kg3 Nc4 38. a4 Nb2 39. a5 bxa5 40.
Nxa5 Nd3 41. Nc4 Kg6 42. Ne3 Nf4 43. h4 Nh5+ 44. Kg4 f5+ 45. Nxf5 Nf6+ 46. Kg3
Kxf5 0-1

[Event "ONJK 2017 D"]
[Site "Borne"]
[Date "2017.12.08"]
[Round "12.8"]
[White "Muntean, Felix"]
[Black "Westerhof, Jannes"]
[Result "1-0"]
[WhiteElo "1335"]
[BlackElo "1085"]
[PlyCount "63"]
[EventDate "2017.08.??"]

1. e4 c6 2. Bc4 d5 3. exd5 cxd5 4. Bb5+ Bd7 5. Bxd7+ Nxd7 6. Nf3 Ngf6 7. d4 e6
8. Nc3 Bb4 9. O-O O-O 10. Bg5 h6 11. Bh4 Be7 12. Ne5 Nb6 13. Qf3 Nbd7 14. Rfe1
Nxe5 15. dxe5 Nd7 16. Bxe7 Qxe7 17. Nb5 a6 18. Nd4 Qc5 19. Qg4 Qc7 20. Qg3 Rac8
21. c3 Qc4 22. Re3 b5 23. Qg4 b4 24. b3 Qc7 25. f4 bxc3 26. Rg3 g6 27. Kh1 Qc5
28. Nxe6 Qa3 29. Qf5 c2 (29... Qe7 $11) 30. Rxg6+ Kh7 31. Rg7+ Kh8 32. Qh7# 1-0

[Event "ONJK 2017 D"]
[Site "Borne"]
[Date "2017.12.08"]
[Round "12.9"]
[White "Den Heijer, Rolinde"]
[Black "Ang, Rufus"]
[Result "1/2-1/2"]
[WhiteElo "1222"]
[BlackElo "1009"]
[PlyCount "73"]
[EventDate "2017.08.??"]

1. e4 e5 2. Nf3 Nf6 3. Nxe5 d6 4. Nf3 Nxe4 5. Qe2 Qe7 6. d3 Nf6 7. Qxe7+ Bxe7
8. g3 O-O 9. Bg2 Nc6 10. O-O d5 11. Bf4 Bd6 12. Bg5 Be7 13. Nc3 h6 14. Bxf6
Bxf6 15. Nxd5 Bxb2 16. Rab1 Ba3 17. Nxc7 Rb8 18. Nd5 Be6 19. c4 b5 20. Rxb5
Rxb5 21. cxb5 Bxd5 22. bxc6 Bxc6 23. Rd1 Rd8 24. d4 Bb2 25. Rd2 Bxf3 26. Bxf3
Bxd4 27. Rd1 Bb6 28. Rc1 Rd2 29. Be4 g6 30. a4 Rxf2 31. Kh1 Ra2 32. Bc6 Be3 33.
Rf1 Rf2 34. Re1 Bb6 35. Re7 Rf6 36. Bb5 Re6 37. Rd7 1/2-1/2

[Event "ONJK 2017 D"]
[Site "Borne"]
[Date "2017.12.08"]
[Round "12.10"]
[White "Zheng, Jimmy"]
[Black "Molanus, Florian"]
[Result "1-0"]
[WhiteElo "1157"]
[BlackElo "1034"]
[PlyCount "67"]
[EventDate "2017.08.??"]

1. e4 e5 2. Nf3 Nc6 3. Bc4 Nf6 4. d3 Bc5 5. O-O d6 6. h3 O-O 7. Bg5 h6 8. Bh4
Qe7 9. c3 Be6 10. Bxe6 Qxe6 11. Re1 Rfe8 12. d4 exd4 13. cxd4 Bb4 14. Nc3 Bxc3
15. bxc3 Nxe4 16. d5 Nxc3 17. dxe6 Nxd1 18. exf7+ Kxf7 19. Raxd1 g5 20. Bg3 Nb4
21. Rb1 Nxa2 22. Rxb7 Rec8 23. Bxd6 Kg8 24. Rxc7 Rxc7 25. Bxc7 a6 26. Ra1 Nb4
27. Bd6 Nd5 28. Ne5 Nc3 29. Nc6 Nb5 30. Bg3 Kf7 31. Ra5 Nc3 32. Nb4 Ne2+ 33.
Kh2 Rb8 34. Bxb8 1-0

[Event "ONJK 2017 D"]
[Site "Borne"]
[Date "2017.12.08"]
[Round "12.12"]
[White "Maris, Evi"]
[Black "Goudriaan, Rafael"]
[Result "1-0"]
[WhiteElo "1037"]
[BlackElo "1091"]
[PlyCount "105"]
[EventDate "2017.08.??"]

1. e4 e6 2. d4 d5 3. e5 c5 4. c3 Nc6 5. Nf3 Bd7 6. Bb5 Qb6 7. Bxc6 Bxc6 8. Be3
Qxb2 9. Nbd2 Qxc3 10. Rc1 Qa5 11. dxc5 Qxa2 12. Ra1 Qb2 13. Bd4 Qb5 14. Rb1 Qd3
15. Rb3 Qg6 16. O-O Nh6 17. Nh4 Qg4 18. Ndf3 Nf5 19. Nxf5 Qxf5 20. Re3 Be7 21.
h3 a5 22. Nh2 a4 23. Rf3 Qh5 24. Qa1 Qg5 25. Rg3 Qh6 26. Re1 Bh4 27. Rf3 Qd2
28. Rf1 Bb5 29. Rd1 Qa5 30. Rf4 Bg5 31. Rg4 Bh6 32. Bc3 Qa7 33. Rb1 Qxc5 34.
Bb4 Qa7 35. Ba3 Bc6 36. Qc3 Qa5 37. Qd4 Rc8 38. Rg3 Bb5 39. Ng4 Rc4 40. Qd1 Bf4
41. Rf3 h5 42. Ne3 Rc3 43. Bb4 {Oeps...} Qa6 44. Rxf4 Rd3 45. Qc1 Qc6 46. Qb2
Bc4 47. Nxc4 dxc4 48. Rc1 b5 49. Rd4 Rb3 50. Qd2 Qc7 51. Ba5 Qa7 52. Rd8+ Ke7
53. Qd6# 1-0

[Event "ONJK 2017 D"]
[Site "Borne"]
[Date "2017.12.08"]
[Round "12.13"]
[White "Kooistra, Marthijn"]
[Black "Sannen, Jette"]
[Result "0-1"]
[WhiteElo "644"]
[BlackElo "740"]
[PlyCount "66"]
[EventDate "2017.08.??"]

1. e4 c5 2. Nc3 d6 3. Nf3 Nf6 4. d4 cxd4 5. Nxd4 a6 6. a4 Nc6 7. Nf3 e6 8. Bg5
Be7 9. g3 h6 10. Be3 Qa5 11. Bd2 Qc7 12. Qe2 O-O 13. Bg2 b6 14. O-O Bb7 15. b3
Rad8 16. Nh4 d5 17. exd5 Nxd5 18. Nxd5 exd5 19. Nf5 Bf6 20. Rae1 Bc8 21. Bh3 g6
22. Nxh6+ Kg7 23. Bxc8 Qxc8 24. Ng4 Nd4 25. Qe3 (25. Bh6+ Kh8 26. Qd1) 25...
Qxg4 26. f3 Qh3 27. Bc3 Nxc2 28. Bxf6+ Kg8 29. Qxb6 Rde8 30. Rxe8 Rxe8 31. Qc6
Rc8 32. Qxa6 Ne3 33. g4 Qg2# 0-1

[Event "ONJK 2017 D"]
[Site "Borne"]
[Date "2017.12.08"]
[Round "12.14"]
[White "Malfliet, Alexander"]
[Black "Warnaar, Tim"]
[Result "1-0"]
[WhiteElo "1445"]
[BlackElo "1146"]
[PlyCount "85"]
[EventDate "2017.08.??"]

1. e4 e5 2. Nf3 Nc6 3. Bc4 Bc5 4. Nc3 Nf6 5. d3 h6 6. Be3 Bxe3 7. fxe3 d6 8. d4
exd4 9. exd4 Bg4 10. Bb5 O-O 11. O-O Bxf3 12. Rxf3 d5 13. e5 Ne4 14. Qe2 Nxd4
15. Qd3 Nxf3+ 16. Qxf3 Nxc3 17. Qxc3 c6 18. Bd3 Qb6+ 19. Kh1 d4 20. Qa3 Rfe8
21. Re1 f6 22. Bc4+ Kh8 23. b3 Rxe5 24. Rxe5 fxe5 25. h3 c5 26. Qa4 Qb4 27. Qd7
e4 28. Qe7 e3 29. Kg1 a5 30. Qe4 b5 31. Qxa8+ {Oeps...} Kh7 32. Bd3+ g6 33.
Qb7+ Kg8 34. Qc6 Qe1+ 35. Kh2 Qf2 36. Qe8+ Kg7 37. Qxg6+ Kf8 38. Qxh6+ Kf7 39.
Qh5+ Ke7 40. Qxc5+ Kf7 41. Qd5+ Ke7 42. Qb7+ Kf8 43. Qf3+ 1-0

[Event "ONJK 2017 D"]
[Site "Borne"]
[Date "2017.12.08"]
[Round "12.15"]
[White "Kamminga, Fabian"]
[Black "Salomons, Matthijs"]
[Result "0-1"]
[WhiteElo "563"]
[BlackElo "1120"]
[PlyCount "60"]
[EventDate "2017.08.??"]

1. d4 e6 2. Nf3 d5 3. e3 c5 4. Bb5+ Bd7 5. Bxd7+ Nxd7 6. O-O Ngf6 7. Nc3 Bd6 8.
Bd2 O-O 9. g3 Qc7 10. Nb5 Qb6 11. Qe2 a6 12. Nxd6 Qxd6 13. Bc3 Ne4 14. Ne5 Nxc3
15. bxc3 Nxe5 16. dxe5 Qxe5 17. c4 d4 18. Rae1 Rac8 19. exd4 Qxe2 20. Rxe2 cxd4
21. Rb1 Rc7 22. Rd2 e5 23. Re2 f6 24. f4 Re8 25. Kf2 Ree7 26. Kf3 Rxc4 27. Kg4
g6 28. f5 d3+ 29. Kf3 dxe2 30. Kxe2 Rxc2+ 0-1

[Event "ONJK 2017 D"]
[Site "Borne"]
[Date "2017.08.12"]
[Round "13.1"]
[White "D'Haenens, Leon"]
[Black "Heskes, Lise"]
[Result "0-1"]
[WhiteElo "1407"]
[BlackElo "1310"]
[PlyCount "38"]
[EventDate "2017.08.??"]

1. c4 c6 2. Nc3 d5 3. e3 Nf6 4. d4 e6 5. g3 Bd6 6. Bg2 Nbd7 7. Nge2 O-O 8. O-O
Re8 9. cxd5 exd5 10. a3 Nf8 11. Bd2 Bf5 12. Nc1 Ng6 13. b4 a6 14. Na4 Ne4 15.
f3 Nxg3 16. hxg3 Bxg3 17. Qe2 Qh4 18. Bh1 Nf4 19. Rf2 Bxf2+ 0-1

[Event "ONJK 2017 D"]
[Site "Borne"]
[Date "2017.08.12"]
[Round "13.2"]
[White "Casur, Jan"]
[Black "Arnold, Lorin"]
[Result "1-0"]
[WhiteElo "1526"]
[BlackElo "1377"]
[PlyCount "161"]
[EventDate "2017.08.??"]

1. e4 c5 2. Nf3 Nc6 3. d3 e6 4. g3 d5 5. Bg2 Be7 6. O-O Nf6 7. Nbd2 O-O 8. Re1
Qc7 9. Nf1 Rd8 10. e5 Nd7 11. Bf4 Qb6 12. Rb1 c4 13. d4 f6 14. c3 fxe5 15. Nxe5
Ndxe5 16. Bxe5 Nxe5 17. Rxe5 Bf6 18. Re1 Qd6 19. f4 b5 20. Ne3 b4 21. Ng4 Rf8
22. Ne5 bxc3 23. bxc3 Qa3 24. Qc2 Qa5 25. Bh3 Bxe5 26. Rxe5 Rf6 27. Rbe1 Qa6
28. Qe2 Kf7 29. Qh5+ Kg8 30. Qe8+ Rf8 31. Bxe6+ Bxe6 32. Qxe6+ Qxe6 33. Rxe6
Rab8 34. R6e5 Rb2 35. R1e2 Rfb8 36. Kf2 Rxe2+ 37. Rxe2 Kf7 38. g4 Rb6 39. Kg3
Kf6 40. h4 Rb7 41. g5+ Kf7 42. f5 h6 43. Kg4 Rb8 44. Re6 Rd8 45. Ra6 Ra8 46.
gxh6 gxh6 47. Rxh6 Rg8+ 48. Rg6 Re8 49. Kf3 Rh8 50. Kg3 Re8 51. Kf3 Rh8 52. Kg3
Re8 53. Re6 Rg8+ 54. Kf4 Rh8 55. Ke5 Rxh4 56. Kxd5 Rh5 57. Re5 Rh2 58. a4 Ra2
59. a5 Rxa5+ 60. Kxc4 Ra1 61. Re6 a5 62. Ra6 a4 63. Kb4 Rf1 64. Rxa4 Rxf5 65.
c4 Ke7 66. Ra6 Rf1 67. d5 Kd7 68. Kc5 Rc1 69. d6 Rc2 70. Ra7+ Kc8 71. Kd5 Rc1
72. c5 Kb8 73. Rh7 Rd1+ 74. Kc6 Ra1 75. Rb7+ Ka8 76. d7 Ra6+ 77. Rb6 Ka7 78.
Rxa6+ Kxa6 79. d8=Q Ka7 80. Qb6+ Ka8 81. Qb7# 1-0

[Event "ONJK 2017 D"]
[Site "Borne"]
[Date "2017.08.12"]
[Round "13.3"]
[White "De Rycke, Tyani"]
[Black "De Vries, Fabian"]
[Result "1-0"]
[WhiteElo "1603"]
[BlackElo "1454"]
[PlyCount "75"]
[EventDate "2017.08.??"]

1. e4 c6 2. d4 d5 3. Nc3 dxe4 4. Nxe4 Nd7 5. Nf3 Ngf6 6. Ng3 e6 7. Bd3 Be7 8.
O-O O-O 9. c4 c5 10. Re1 b6 11. Bf4 Bb7 12. Ne4 cxd4 13. Bc2 Nc5 14. Nxf6+ Bxf6
15. b4 d3 16. bxc5 Bxa1 17. Ba4 Bf6 18. c6 Ba6 19. c7 Qc8 20. Bd6 g6 21. Bxf8
Kxf8 22. Bc6 Bb7 23. Bxb7 Qxb7 24. Qxd3 Qxc7 25. Rd1 Rc8 26. Rc1 Rd8 27. Qe2
Rd6 28. h3 Rc6 29. Qe4 b5 30. c5 Rxc5 31. Qb4 Be7 32. Rxc5 Qxc5 33. Qf4 Kg7 34.
Ne5 Bf6 35. Ng4 Qf5 36. Qh6+ Kg8 37. Qe3 a5 38. Nh6+ 1-0

[Event "ONJK 2017 D"]
[Site "Borne"]
[Date "2017.08.12"]
[Round "13.4"]
[White "Slagboom, Leandro"]
[Black "Naessens, Wolf"]
[Result "1/2-1/2"]
[WhiteElo "1308"]
[BlackElo "1453"]
[PlyCount "45"]
[EventDate "2017.08.??"]

1. Nf3 Nf6 2. g3 d5 3. Bg2 Nc6 4. O-O Bg4 5. d4 e6 6. c3 Be7 7. Nbd2 O-O 8. Re1
Qd7 9. e4 dxe4 10. Nxe4 Bf5 11. Nxf6+ Bxf6 12. Bf4 Rfe8 13. Ne5 Bxe5 14. dxe5
Qxd1 15. Raxd1 Rad8 16. Bxc6 bxc6 17. Bg5 Rd5 18. c4 Rxd1 19. Rxd1 Rb8 20. Rd8+
Rxd8 21. Bxd8 c5 22. Bxc7 Bb1 23. Bd6 1/2-1/2

[Event "ONJK 2017 D"]
[Site "Borne"]
[Date "2017.08.12"]
[Round "13.5"]
[White "Velasco, Kathleen"]
[Black "Tiggelman, Vincent"]
[Result "1/2-1/2"]
[WhiteElo "1232"]
[BlackElo "1091"]
[PlyCount "44"]
[EventDate "2017.08.??"]

1. e4 c6 2. d4 d5 3. exd5 cxd5 4. Bd3 Nc6 5. Nf3 Bg4 6. Be3 Nf6 7. Nc3 e6 8. a3
a6 9. O-O Bd6 10. Be2 Qc7 11. h3 Bf5 12. Qd2 h6 13. Bd3 Bxd3 14. Qxd3 g5 15.
Qe2 O-O-O 16. Na4 g4 17. hxg4 Nxg4 18. Ne5 Ncxe5 19. dxe5 Nxe5 20. Bb6 Qd7 21.
Bxd8 Qxd8 22. f4 Ng6 1/2-1/2

[Event "ONJK 2017 D"]
[Site "Borne"]
[Date "2017.12.08"]
[Round "13.6"]
[White "Maes, Zayd"]
[Black "Zheng, Jimmy"]
[Result "0-1"]
[WhiteElo "759"]
[BlackElo "1157"]
[PlyCount "60"]
[EventDate "2017.08.??"]

1. Nf3 Nf6 2. d4 d5 3. c4 e6 4. e3 Nbd7 5. Nc3 b6 6. Bd2 c5 7. cxd5 exd5 8.
dxc5 bxc5 9. Bb5 Be7 10. O-O O-O 11. Qc2 a6 12. Bd3 h6 13. Rac1 Bb7 14. Be2 Rc8
15. b3 Bd6 16. a4 Re8 17. Rfe1 Ne5 18. h3 Qd7 19. Nd1 Ne4 20. Nxe5 Rxe5 21. Nb2
Rg5 22. Kf1 Qf5 23. f4 Rg6 24. Bg4 {Diagram #} Rxg4 25. hxg4 Qxg4 26. Qd1 Nxd2+
(26... Qh4) 27. Qxd2 d4 28. exd4 Bxf4 29. Qe2 Qxe2+ 30. Rxe2 Bxc1 0-1

[Event "ONJK 2017 D"]
[Site "Borne"]
[Date "2017.12.08"]
[Round "13.7"]
[White "Muntean, Felix"]
[Black "De Putter, Sven"]
[Result "1-0"]
[WhiteElo "1335"]
[BlackElo "1228"]
[PlyCount "49"]
[EventDate "2017.08.??"]

1. e4 e5 2. Nf3 Nc6 3. Bc4 Bc5 4. c3 Nf6 5. d4 exd4 6. cxd4 Bb4+ 7. Nc3 O-O 8.
Bg5 d6 9. O-O Bg4 10. Nd5 Bxf3 11. Qxf3 Nxd4 12. Qd3 Nc6 13. Nxf6+ gxf6 14. Bh6
Ne5 15. Qg3+ Ng6 16. Bxf8 Qxf8 17. Qb3 c5 18. a3 Ba5 19. Qxb7 Bb6 20. Bxf7+ Kh8
21. Bd5 Rb8 22. Qf7 Qh6 23. Qxf6+ Qg7 24. Qxg7+ Kxg7 25. Rad1 1-0

[Event "ONJK 2017 D"]
[Site "Borne"]
[Date "2017.12.08"]
[Round "13.8"]
[White "Ang, Rufus"]
[Black "Honkoop, Stella"]
[Result "0-1"]
[WhiteElo "1009"]
[BlackElo "1402"]
[PlyCount "58"]
[EventDate "2017.08.??"]

1. d4 d6 2. e4 Nf6 3. Nc3 Nbd7 4. Nf3 e5 5. Be3 Be7 6. Bc4 c6 7. O-O h6 8. d5
Qc7 9. Nd2 g5 10. g3 Nf8 11. f4 gxf4 12. gxf4 Rg8+ 13. Kh1 Bh3 14. Rg1 Bg4 15.
Qf1 Qd7 16. a3 Bh3 17. Qf3 Bg4 18. Qf1 exf4 19. Bxf4 Rg6 20. Rg3 Nh5 21. Rg1
Rf6 22. dxc6 bxc6 23. Be2 Rxf4 24. Bxg4 Rxg4 25. Qa6 Rxg1+ 26. Kxg1 Nf4 27. Kf2
Bh4+ 28. Kf3 Qh3+ 29. Kxf4 Bg5# 0-1

[Event "ONJK 2017 D"]
[Site "Borne"]
[Date "2017.12.08"]
[Round "13.9"]
[White "Sannen, Jette"]
[Black "Den Heijer, Rolinde"]
[Result "1/2-1/2"]
[WhiteElo "740"]
[BlackElo "1222"]
[PlyCount "122"]
[EventDate "2017.08.??"]

1. e4 c5 2. Nf3 d6 3. d4 cxd4 4. Nxd4 Nc6 5. Nc3 Nf6 6. Bc4 g6 7. O-O Bg7 8.
Bb5 Bd7 9. Re1 O-O 10. Nf3 Bg4 11. h3 Bxf3 12. Qxf3 Nd4 13. Qd3 Nc6 14. Bg5 a6
15. Ba4 b5 16. Bb3 Rc8 17. Qe3 Qc7 18. Nd5 Nxd5 19. exd5 Nb4 20. c3 Nxd5 21.
Bxd5 Qd7 22. Qxe7 Qf5 23. Qe3 (23. Rad1) 23... Qxd5 24. Rad1 Qxa2 25. Re2 d5
26. b4 Qb3 27. Rd3 Rxc3 28. Rxc3 Qxc3 29. Qxc3 Bxc3 30. Bh6 Rd8 31. Bg5 Rf8 32.
Bd2 Bxd2 33. Rxd2 Rd8 34. Rc2 Kg7 35. Rc6 d4 36. Rxa6 Rc8 37. Rd6 Rc4 38. Kf1
Rxb4 39. Ke2 Rc4 40. Kd3 Kh6 41. Rxd4 Rxd4+ 42. Kxd4 Kg5 43. Kc5 Kf4 44. Kxb5
Ke4 45. Kc6 Kd3 46. Kd7 Ke2 47. Ke7 f5 {Diagram #En daar zit je dan als
dappere partijinvoerder: volgens beide notaties moet hier 48.Ke7-g7(!!) zijn
gespeeld. Dit kan dus niet, maar omdat het niet leerzame vervolg toch te
kunnen invoeren heb ik de 'nulzet' 48.Ke1 ingevoegd.} 48. Kf6 Ke1 $8 49. Kg7
Kxf2 50. Kxh7 f4 51. Kxg6 Kxg2 52. h4 f3 53. h5 f2 54. h6 f1=Q 55. h7 Qd3+ (
55... Qf8 {0-1}) 56. Kg7 Qg3+ 57. Kh6 Qf4+ (57... Qe5 {0-1}) 58. Kg7 Qg5+ 59.
Kh8 Qf6+ 60. Kg8 Qg6+ 61. Kh8 Kf3 1/2-1/2

[Event "ONJK 2017 D"]
[Site "Borne"]
[Date "2017.12.08"]
[Round "13.10"]
[White "Adema, Wessel"]
[Black "Maris, Evi"]
[Result "1-0"]
[WhiteElo "1138"]
[BlackElo "1037"]
[PlyCount "45"]
[EventDate "2017.08.??"]

1. d4 d5 2. c4 c6 3. Nc3 Nf6 4. Nf3 Bf5 5. cxd5 cxd5 6. Qb3 Qc7 7. Nxd5 Qa5+ 8.
Nc3 b6 9. Qb5+ Qxb5 10. Nxb5 Nd5 11. e3 a6 12. Bc4 axb5 13. Bxd5 Ra7 14. Ne5 e6
15. Nc6 Nxc6 16. Bxc6+ Kd8 17. Bxb5 Be7 18. O-O Ra5 19. Bc6 Bd3 20. Rd1 Bf5 21.
d5 Kc7 22. Bd2 Rd8 23. Bxa5 {... [60]} 1-0

[Event "ONJK 2017 D"]
[Site "Borne"]
[Date "2017.12.08"]
[Round "13.11"]
[White "Westerhof, Jannes"]
[Black "Malfliet, Alexander"]
[Result "1/2-1/2"]
[WhiteElo "1085"]
[BlackElo "1445"]
[PlyCount "46"]
[EventDate "2017.08.??"]

1. e4 c5 2. Nf3 Nc6 3. d4 cxd4 4. Nxd4 Nf6 5. Nc3 g6 6. Be3 Bg7 7. Be2 d6 8.
Bb5 Bd7 9. O-O a6 10. Ba4 O-O 11. Qd2 Nxd4 12. Bxd7 Qxd7 13. Bxd4 Qc6 14. Bxf6
Bxf6 15. Nd5 Rfe8 16. Nxf6+ exf6 17. Rfe1 Rxe4 18. Rxe4 Qxe4 19. Qxd6 Qxc2 20.
Qxf6 Rc8 21. g3 Rc6 22. Qd8+ Kg7 23. Qd4+ Rf6 1/2-1/2

[Event "ONJK 2017 D"]
[Site "Borne"]
[Date "2017.08.12"]
[Round "13.12"]
[White "Molanus, Florian"]
[Black "Debunne, Tibe"]
[Result "0-1"]
[WhiteElo "1034"]
[BlackElo "1438"]
[PlyCount "92"]
[EventDate "2017.08.??"]

1. e4 e5 2. Nf3 Nc6 3. Nc3 Nf6 4. Bc4 Nxe4 5. Nxe4 d5 6. Bxd5 Qxd5 7. Nc3 Qd8
8. h3 Bc5 9. O-O O-O 10. d3 h6 11. Qe2 Re8 12. Be3 Bb6 13. Bxb6 axb6 14. Rfe1
Qf6 15. Nd5 Qd6 16. Nf4 Bd7 17. Nh5 f5 18. Ng3 Nd4 19. Nxd4 exd4 20. Qf3 Qg6
21. Qxb7 f4 22. Rxe8+ Rxe8 23. Qd5+ Be6 24. Qh5 Qxh5 25. Nxh5 Rf8 26. g4 g6 27.
b3 gxh5 28. gxh5 Bxh3 29. Re1 Rf5 30. Re4 f3 31. Rxd4 Bg2 32. Rh4 Rg5 33. Kh2
Bf1 34. Rd4 Be2 35. Rd8+ Kf7 36. Rd7+ Ke6 37. Rxc7 Rg2+ 38. Kh3 Rxf2 39. Rc6+
Kf7 40. Rxb6 Rg2 41. Rb5 Kf6 42. Rb4 Kf5 43. Rb5+ Kf4 44. Rb4+ Ke3 45. Re4+ Kd2
46. a4 f2 0-1

[Event "ONJK 2017 D"]
[Site "Borne"]
[Date "2017.12.08"]
[Round "13.13"]
[White "Salomons, Matthijs"]
[Black "De Jong, Mats"]
[Result "1/2-1/2"]
[WhiteElo "1120"]
[BlackElo "979"]
[PlyCount "44"]
[EventDate "2017.08.??"]

1. d4 d5 2. c4 e6 3. Nc3 Nf6 4. Bg5 Be7 5. Nf3 h6 6. Bh4 O-O 7. Qc2 Nbd7 8. e3
b6 9. Bd3 Ba6 10. Qa4 Bxc4 11. Bxc4 dxc4 12. Qxc4 c5 13. dxc5 Nxc5 14. O-O Rc8
15. Rfd1 Qc7 16. Bg3 Qb7 17. Bh4 Nce4 18. Qb3 Nxc3 19. bxc3 Ne4 20. Bxe7 Qxe7
21. Qb4 Qxb4 22. cxb4 Rfd8 1/2-1/2

[Event "ONJK 2017 D"]
[Site "Borne"]
[Date "2017.12.08"]
[Round "13.16"]
[White "Goudriaan, Rafael"]
[Black "Kooistra, Marthijn"]
[Result "0-1"]
[WhiteElo "1091"]
[BlackElo "644"]
[PlyCount "68"]
[EventDate "2017.08.??"]

1. Nf3 Nc6 2. d4 d5 3. c4 Nf6 4. Nc3 e6 5. Bg5 Bb4 6. a3 Bxc3+ 7. bxc3 b6 8.
cxd5 exd5 9. e3 Qd6 10. Bb5 h6 11. Bh4 Bb7 12. Ne5 Qe6 13. Qa4 O-O 14. Bxc6
Bxc6 15. Qxc6 Qxc6 16. Nxc6 Ne4 17. Ne7+ Kh7 18. Nxd5 c6 19. Nb4 Rac8 20. c4
Rfe8 21. f3 Nd6 22. Kd2 Nxc4+ 23. Kd3 Nxe3 24. Rhe1 Nxg2 25. Rxe8 Rxe8 26. Bf2
Nf4+ 27. Kc4 Re6 28. Re1 Rf6 29. Re7 a5 30. Nc2 Nd5 31. Ne1 Nxe7 32. Bh4 Re6
33. Nd3 g5 34. Bg3 Re3 0-1

[Event "ONJK 2017 D"]
[Site "Borne"]
[Date "2017.12.08"]
[Round "13.17"]
[White "Groen, Jari"]
[Black "Torensma, Dylan"]
[Result "1/2-1/2"]
[WhiteElo "820"]
[BlackElo "916"]
[PlyCount "28"]
[EventDate "2017.08.??"]

1. d4 Nf6 2. c4 e6 3. Nc3 Bb4 4. Bg5 d5 5. Nf3 Nbd7 6. e3 a6 7. a3 Bxc3+ 8.
bxc3 dxc4 9. Bxc4 b5 10. Bb3 Bb7 11. O-O c6 12. Re1 Qc7 13. Bf4 Qc8 14. Rc1 c5
1/2-1/2